000 00948nam a22002417a 4500
005 20240530110625.0
008 170102s2015 ua f b 000 0 ara d
017 _a2014/15880
_bمصر. دار الكتب
020 _a9789773833022
040 _aEG-CaGPL
_cEG-CaGPL
082 0 4 _221
_a616.8914\
_bم ع
100 0 _aمحمود عيد مصطفى
245 1 2 _aالعلاج النفسى الاسس العلمية و فن الممارسة العلاجية /
_cتاليف محمود عيد مصطفى
250 _aط. 1
260 _aالقاهرة :
_bايتراك للطباعة و النشر و التوزيع ،
_c2015.
300 _a197 ص. ؛
_c24 سم.
504 _aيشتمل على ارجاعات ببليوجرافية
650 0 7 _2qrmak
_aالعلاج النفسى
650 0 7 _2qrmak
_aالطب النفسى
650 0 7 _2qrmak
_aالصحة النفسية
942 _2ddc
_cBK
999 _c63133
_d63133